Исследовательский проект. Часть 3 (профиль Промышленная разработка программного обеспечения) / ДО 2020 (09.03.04): электронный курс
| Autor principal: | |
|---|---|
| Autor Corporativo: | |
| Sumario: | Заглавие с экрана Основной целью курса является получение теоретических знаний и практических навыков работы с библиотеками языка Python, предназначенных для работы с растровой графикой. Курс предназначен для студентов, обучающихся по направлению бакалавриата 09.03.04 Программная инженерия, семестр 5. В курсе рассматриваются стандартные процедуры для работы с растровыми изображениями, а именно: манипуляции с пикселями изображений, маскирование и работа с прозрачностью, фильтрация изображения, размытие, сглаживание, регулировка яркости, контраста или цвета изображения, добавление текста к изображениям и другое. Стоит отметить, что рассматриваемый в электронном курсе инструментарий для работы с растровыми изображениями - это бесплатные дополнительные библиотеки языка Python с открытым исходным кодом. Доступ по логину и паролю |
| Lenguaje: | ruso |
| Publicado: |
Томск, TPU Moodle, 2022
|
| Materias: | |
| Acceso en línea: | https://design.lms.tpu.ru/course/view.php?id=4522 |
| Formato: | Electrónico Libro |
| KOHA link: | https://koha.lib.tpu.ru/cgi-bin/koha/opac-detail.pl?biblionumber=669108 |
MARC
| LEADER | 00000nlm0a2200000 4500 | ||
|---|---|---|---|
| 001 | 669108 | ||
| 005 | 20240123155441.0 | ||
| 035 | |a (RuTPU)RU\TPU\network\40348 | ||
| 035 | |a RU\TPU\network\38605 | ||
| 090 | |a 669108 | ||
| 100 | |a 20230215d2022 m y0rusy50 ca | ||
| 101 | 0 | |a rus | |
| 102 | |a RU | ||
| 105 | |a a j 000zy | ||
| 135 | |a jrcn ---uucaa | ||
| 181 | 0 | |a i | |
| 182 | 0 | |a b | |
| 200 | 1 | |a Исследовательский проект. Часть 3 (профиль Промышленная разработка программного обеспечения) / ДО 2020 (09.03.04) |e электронный курс |f И. А. Ботыгин |g Национальный исследовательский Томский политехнический университет, Инженерная школа информационных технологий и робототехники, Отделение информационных технологий | |
| 203 | |a Текст |c электронный | ||
| 210 | |a Томск |c TPU Moodle |d 2022 | ||
| 300 | |a Заглавие с экрана | ||
| 330 | |a Основной целью курса является получение теоретических знаний и практических навыков работы с библиотеками языка Python, предназначенных для работы с растровой графикой. Курс предназначен для студентов, обучающихся по направлению бакалавриата 09.03.04 Программная инженерия, семестр 5. В курсе рассматриваются стандартные процедуры для работы с растровыми изображениями, а именно: манипуляции с пикселями изображений, маскирование и работа с прозрачностью, фильтрация изображения, размытие, сглаживание, регулировка яркости, контраста или цвета изображения, добавление текста к изображениям и другое. Стоит отметить, что рассматриваемый в электронном курсе инструментарий для работы с растровыми изображениями - это бесплатные дополнительные библиотеки языка Python с открытым исходным кодом. | ||
| 333 | |a Доступ по логину и паролю | ||
| 610 | 1 | |a электронный ресурс | |
| 610 | 1 | |a труды учёных ТПУ | |
| 610 | 1 | |a электронные учебные пособия | |
| 610 | 1 | |a Moodle | |
| 610 | 1 | |a e-learning | |
| 610 | 1 | |a электронное обучение | |
| 610 | 1 | |a электронные курсы ТПУ | |
| 610 | 1 | |a электронные образовательные ресурсы | |
| 610 | 1 | |a дистанционное образование | |
| 610 | 1 | |a дистанционное обучение | |
| 610 | 1 | |a практические исследования | |
| 610 | 1 | |a Pillow | |
| 610 | 1 | |a Matplotlib | |
| 610 | 1 | |a Scikit-image | |
| 610 | 1 | |a отчеты | |
| 700 | 1 | |a Ботыгин |b И. А. |c специалист в области информатики и вычислительной техники |c доцент Томского политехнического университета, кандидат технических наук |f 1947- |g Игорь Александрович |3 (RuTPU)RU\TPU\pers\25190 |9 11270 | |
| 712 | 0 | 2 | |a Национальный исследовательский Томский политехнический университет |b Инженерная школа информационных технологий и робототехники |b Отделение информационных технологий |3 (RuTPU)RU\TPU\col\23515 |
| 801 | 2 | |a RU |b 63413507 |c 20230215 |g RCR | |
| 856 | 4 | |u https://design.lms.tpu.ru/course/view.php?id=4522 | |
| 942 | |c CF | ||